000 00718nam a2200181Ia 4500
008 090630s9999 xx 000 0 und d
082 _b16398
100 _aहिवराळे सुखराम.
245 _aसंत शिरोमणी कबीर भाग 2.
_cहिवराळे सुखराम.
260 _bप्रचार - कोल्हापूर.
300 _a0
600 _aहिवराळे सुखराम.
630 _aसंत शिरोमणी कबीर भाग 2.
655 _aबालवाङमय.
700 _aहिवराळे सुखराम.
730 _aसंत शिरोमणी कबीर भाग 2.
942 _cBOOK
999 _c268254
_d268254